KOHA-Header-6

How to Think about Weird Things (Record no. 8058)

000 -LEADER
fixed length control field 00260nam a2200109Ia 4500
100 ## - MAIN ENTRY--AUTHOR NAME
Personal name Lewis Vaughn
245 #0 - TITLE STATEMENT
Title How to Think about Weird Things
260 ## - PUBLICATION, DISTRIBUTION, ETC. (IMPRINT)
Place of publication USA
Name of publisher Pearson
Year of publication 2007
300 ## - PHYSICAL DESCRIPTION
Number of Pages 468
942 ## - ADDED ENTRY ELEMENTS (KOHA)
Koha item type Books
Holdings
Withdrawn status Lost status Collection code Permanent Location Current Location Shelving location Date acquired Full call number Accession Number Koha item type
    English Literature MAJU MAJU Shelf No.A15 2019-09-13 330.01 2445 English Literature

Powered by Koha